Famous Joker Quotes - Statistics

General Stats
  • This quiz has been taken 26 times
  • The average score is 11 of 32
Answer Stats
Quotes Answer % Correct
"Why so ______?" serious
100%
"I’ve got ______ left to lose. Nothing can hurt me anymore. My life is nothing but a comedy." nothing
80%
"Murray, one small thing. When you bring me out, can you introduce me as _____?" Joker
75%
"You wanna know how I got these _____?" scars
70%
“I killed those guys because they were awful. Everybody is awful these days. It's enough to make anyone _____.” crazy
65%
“They laugh at me because I’m different. I laugh at them because they’re all the ____.” same
60%
“I used to think life was a tragedy, but now I realize it's a ______!” comedy
55%
“If you’re good at something, never do it for ____.” free
55%
"It’s so hard to just try and be _____ all the time." happy
50%
"Until a little while ago, it was like _____ ever saw me. Even I didn’t know if I really existed." nobody
50%
“I’m more than a man. I’m an ____. A philosophy.” idea
45%
“I am not someone who is loved. I’m an idea. A state of ____.” mind
45%
"Do I really look like a guy with a ____?" plan
45%
"I'm crazy enough to take on ______, but the IRS? No, thank you!" Batman
35%
"Everybody just yells and screams at each other. Nobody’s _____ anymore. Nobody thinks what it’s like to be the other guy." civil
35%
“When I saw what a black, awful joke the _____ was, I went crazy as a coot!” world
30%
"All it takes is one __________." bad day
25%
"The worst part of having a mental illness is people expect you to ______ as if you don’t." behave
25%
"For my whole life, I didn’t know if I even really ______. But I do, and people are starting to notice." existed
25%
"Madness is like ______. All it takes is a little push." gravity
20%
“And how many dead eyes can you look into before you die _______ yourself?” inside
20%
"I think I felt better when I was ______ up in the hospital.” locked
20%
"A man with nothing to fear is a man with nothing to love. If you have nothing to love, you have nothing to ____." lose
20%
"If someone hates you for no reason, give that jerk a ______." reason
15%
“I went crazy! And I'm _____ enough to admit it! Why can't you?” smart
15%
“I’m only _______ on the outside. My smile is just skin-deep. If you could see inside, I’m really crying. You might join me for a weep.” laughing
10%
“Give a man a ____ and he will become his true self.” mask
10%
"By clinging to reality, you’re denying the reality of the ________!" situation
10%
"Is it just me, or is it getting ______ out there?" crazier
5%
“You can’t kill me without becoming like me! I can’t kill you without losing the only human being who can keep up with me! Isn’t it ______?” ironic
5%
“We mature with _______, not with years.” damage
0%
“Life has no _____. You have to get up and change it yourself.” remote
0%
No matching quizzes found
Score Distribution
Percent of People with Each Score
Percentile by Number Answered
Your Score History
You have not taken this quiz